[Event "33.Schlosspark-Open"]
[Site "Wiesbaden-Biebrich"]
[Date "2024.08.25"]
[Round "7.29"]
[White "Hendriks, Theo"]
[Black "Sreeramulu, Aarush"]
[Result "1-0"]
[WhiteElo "2014"]
[BlackElo "1905"]
[Annotator "Schloessner,Henrik"]
[PlyCount "65"]
[EventDate "2024.08.22"]
[WhiteTeam "SV Amstel"]
[BlackTeam "SK Marburg 1931/72"]

{[%evp 0,68,25,-23,-19,-33,-9,-9,-9,-8,-10,6,-3,-79,-67,-80,-39,-109,-72,-87,-90,-151,-119,-115,-82,-89,-93,-161,-121,-142,-115,-142,-115,-136,-81,-101,-118,-149,-125,-193,-166,-225,-217,-237,-254,-228,-130,-154,-154,-269,-349,-361,-374,-391,-224,-224,-222,-623,-222,-622,-148,-1020,-371,-718,-992,-1766,-646,-29989,-613,-717,-738]} 1. e4 c6 2. d4 d5 3. Nd2 dxe4 4. Nxe4 Nf6 5. Nxf6+ exf6 6. Bc4 Qe7+ 7. Qe2 Qxe2+ 8. Nxe2 Bd6 9. Bf4 Bxf4 10. Nxf4 O-O 11. O-O-O Bf5 12. f3 h6 13. g4 Bh7 14. Rhe1 Nd7 15. Re7 Rad8 16. Ne6 Rfe8 17. Rxf7 Kxf7 18. Nxd8+ Ke7 19. Nxb7 Kf8 20. Nd6 Re3 21. Bd3 Bg8 22. Be4 Bd5 23. Kd2 Rxf3 24. Bxf3 Bxf3 25. Re1 Kg8 26. h3 Nb6 27. c4 g6 28. Re8+ Kg7 29. Re7+ Kg8 30. Rxa7 f5 31. gxf5 gxf5 32. Rb7 Na4 33. b3 1-0

[Event "33.Schlosspark-Open"]
[Site "Wiesbaden-Biebrich"]
[Date "2024.08.25"]
[Round "7.30"]
[White "Kail, Sindy"]
[Black "Eveleens, Wim"]
[Result "1/2-1/2"]
[WhiteElo "1879"]
[BlackElo "1999"]
[PlyCount "36"]
[EventDate "2024.08.22"]
[WhiteTeam "SK 1925 Großwallstadt"]
[BlackTeam "SV Amstel"]

1. e4 e6 2. d4 d5 3. Nd2 Nc6 4. Ngf3 Nf6 5. e5 Nd7 6. c3 f6 7. exf6 Qxf6 8. Bd3 Bd6 9. O-O O-O 10. Nb3 e5 11. dxe5 Ndxe5 12. Be2 Bg4 13. Qxd5+ Kh8 14. Nfd4 Bxe2 15. Nxe2 Ng4 16. f4 Rae8 17. Qd3 Qe7 18. Ned4 Nxd4 1/2-1/2

[Event "33.Schlosspark-Open"]
[Site "Wiesbaden-Biebrich"]
[Date "2024.08.25"]
[Round "7.31"]
[White "Faßler, Felix"]
[Black "McAdam, Mark"]
[Result "1-0"]
[WhiteElo "1808"]
[BlackElo "1995"]
[PlyCount "63"]
[EventDate "2024.08.22"]
[WhiteTeam "SC Fulda"]
[BlackTeam "SC Brett vorm Kopp Ffm"]

1. e4 c6 2. d4 d5 3. e5 Bf5 4. h4 h5 5. Bg5 Qb6 6. Bd3 Bxd3 7. Qxd3 e6 8. Nd2 Nh6 9. c4 Qa6 10. Ngf3 Nf5 11. O-O c5 12. Qc2 Nc6 13. dxc5 Nb4 14. Qc3 Bxc5 15. a3 d4 16. Qc1 Nd3 17. Qc2 f6 18. exf6 gxf6 19. Bxf6 Nf4 20. Bxh8 d3 21. Qd1 Ng3 22. Be5 Nge2+ 23. Kh1 O-O-O 24. Ne4 Qc6 25. Nxc5 Rg8 26. Bxf4 Nxf4 27. Ne1 Nxg2 28. Qf3 Qxc5 29. Nxg2 Rf8 30. Qxd3 Rd8 31. Qe3 Qf5 32. Rae1 1-0

[Event "33.Schlosspark-Open"]
[Site "Wiesbaden-Biebrich"]
[Date "2024.08.25"]
[Round "7.32"]
[White "Schneider, Jörg"]
[Black "Guddat, Jörn"]
[Result "1-0"]
[WhiteElo "1995"]
[BlackElo "1890"]
[PlyCount "171"]
[EventDate "2024.08.22"]
[WhiteTeam "Sfr.Mainz 1928"]
[BlackTeam "SV Eichlinghofen 1935"]

1. c4 e6 2. g3 d5 3. Bg2 c5 4. e3 Nc6 5. Nf3 Nf6 6. O-O Be7 7. b3 O-O 8. Bb2 b6 9. Nc3 Bb7 10. cxd5 exd5 11. d4 Qd7 12. Ne5 Qe6 13. Nd3 Bd6 14. dxc5 bxc5 15. Nb5 Ba6 16. Nxd6 Qxd6 17. Re1 Bxd3 18. Qxd3 Rfd8 19. Red1 Rac8 20. Qf5 Ne7 21. Qc2 Qe6 22. Qc3 Qg4 23. Qa5 Qd7 24. Rac1 Qc7 25. Qa4 Qb6 26. Bxf6 gxf6 27. Qg4+ Kf8 28. Qh5 Qe6 29. Bf1 Kg7 30. Bh3 f5 31. e4 dxe4 32. Rxd8 Rxd8 33. Rxc5 e3 34. Qg5+ Kf8 35. Qxe3 Rd1+ 36. Bf1 Qa6 37. Rc4 Qxa2 38. Rd4 Rxd4 39. Qxd4 Ng6 40. h4 h5 41. Bc4 Qa5 42. Kh2 Qc7 43. f4 Qa5 44. Qd1 Qc5 45. Kg2 Qc6+ 46. Bd5 Qc3 47. Bf3 Qb2+ 48. Kg1 Qc3 49. Kf1 Qe3 50. b4 Qc3 51. b5 Qc4+ 52. Qe2 Qc1+ 53. Kg2 Nxf4+ 54. gxf4 Qxf4 55. Kh3 Qd4 56. Bxh5 Qc3+ 57. Bf3 Qd4 58. h5 Kg7 59. Qg2+ Kh6 60. Qg8 Qc3 61. Qg3 Qc8 62. Qf4+ Kg7 63. Qg5+ Kh7 64. h6 Qc3 65. Qg7+ Qxg7 66. hxg7 Kxg7 67. Kg3 Kf6 68. Kf4 Ke6 69. Bb7 f6 70. Ba6 Kd6 71. Kxf5 Kc7 72. Kxf6 Kd6 73. Kf5 Kd5 74. Kf4 Kd4 75. Kf3 Ke5 76. Ke3 Kd5 77. Kd3 Kc5 78. Kc3 Kd6 79. Kc4 Kd7 80. Kd5 Kc7 81. Kc5 Kd7 82. Bb7 Kc7 83. Bc6 Kd8 84. Kd6 Kc8 85. Be4 Kd8 86. Bf5 1-0

[Event "33.Schlosspark-Open"]
[Site "Wiesbaden-Biebrich"]
[Date "2024.08.25"]
[Round "7.33"]
[White "Hoffmann, Christian"]
[Black "Marschner, Thomas"]
[Result "0-1"]
[WhiteElo "1879"]
[BlackElo "1986"]
[PlyCount "56"]
[EventDate "2024.08.22"]
[WhiteTeam "SAbt BKA Wiesbaden"]
[BlackTeam "SVG Eppstein 1932"]

1. e4 c5 2. Nf3 Nc6 3. Bc4 g6 4. c3 Bg7 5. O-O Na5 6. Be2 Nf6 7. e5 Nd5 8. d4 cxd4 9. cxd4 O-O 10. Nc3 Nxc3 11. bxc3 d5 12. exd6 Qxd6 13. Qa4 b6 14. Ba3 Qc7 15. Rfe1 Bd7 16. Qc2 Rfe8 17. Bd3 Nc6 18. Rad1 a6 19. Be4 Rad8 20. Ng5 h6 21. Nxf7 Kxf7 22. Bxg6+ Kg8 23. Bxe8 Bxe8 24. Qe4 Bf7 25. Rd3 Bd5 26. Qh4 Rf8 27. Rg3 Rf7 28. Qxh6 Qxg3 0-1

[Event "33.Schlosspark-Open"]
[Site "Wiesbaden-Biebrich"]
[Date "2024.08.25"]
[Round "7.34"]
[White "Müller, Maximilian"]
[Black "Frömbgen, Andreas"]
[Result "1-0"]
[WhiteElo "1957"]
[BlackElo "1874"]
[PlyCount "53"]
[EventDate "2024.08.22"]
[WhiteTeam "SC 1928 Eppelborn"]
[BlackTeam "SK Gau-Algesheim"]

1. e4 c5 2. Nf3 d6 3. Bb5+ Nd7 4. O-O a6 5. Bxd7+ Bxd7 6. c3 Bc6 7. Qe2 Nf6 8. d3 e6 9. Bg5 Be7 10. Nbd2 h6 11. Be3 Ng4 12. Rad1 Nxe3 13. Qxe3 O-O 14. d4 Qc7 15. Rfe1 cxd4 16. Nxd4 Bf6 17. N4f3 Rfd8 18. Nf1 Rac8 19. Ng3 b5 20. Nh5 Be7 21. Nd4 d5 22. e5 Bb7 23. Rd3 b4 24. Qf4 Bf8 25. Rg3 Kh7 26. Nf6+ gxf6 27. Qg4 1-0

[Event "33.Schlosspark-Open"]
[Site "Wiesbaden-Biebrich"]
[Date "2024.08.25"]
[Round "7.35"]
[White "Calvi, Stefan"]
[Black "Mönch, Dorothée"]
[Result "1-0"]
[WhiteElo "1973"]
[BlackElo "1789"]
[PlyCount "53"]
[EventDate "2024.08.22"]
[WhiteTeam "SV Oberursel"]
[BlackTeam "Sfr.Mainz 1928"]

1. e4 d6 2. d4 g6 3. Nc3 Bg7 4. Be3 Nf6 5. h3 O-O 6. Qd2 e5 7. Nf3 Nc6 8. O-O-O exd4 9. Nxd4 Nxd4 10. Bxd4 Be6 11. g4 Qe7 12. f4 Bd7 13. e5 Ne8 14. Bg2 c6 15. exd6 Qd8 16. Rhf1 f5 17. g5 Be6 18. Rfe1 Qd7 19. Be5 Rd8 20. h4 Rf7 21. Qf2 b6 22. Qf3 Rc8 23. h5 Bf8 24. hxg6 hxg6 25. Rh1 Ng7 26. Rh6 Ne8 27. Rh8# 1-0

[Event "33.Schlosspark-Open"]
[Site "Wiesbaden-Biebrich"]
[Date "2024.08.25"]
[Round "7.36"]
[White "Windelband, Jens"]
[Black "Frohneberg, Paul"]
[Result "1-0"]
[WhiteElo "2074"]
[BlackElo "1705"]
[PlyCount "76"]
[EventDate "2024.08.22"]
[WhiteTeam "SG Aufbau Elbe Magdeburg"]
[BlackTeam "Kreuznacher SV 1921 e.V."]

1. e4 c5 2. Nf3 d6 3. d4 cxd4 4. Nxd4 Nf6 5. Nc3 a6 6. Be2 e5 7. Nb3 Be7 8. O-O O-O 9. Kh1 Nc6 10. f3 h5 11. Be3 Be6 12. Nd5 Bxd5 13. exd5 Nb4 14. c4 a5 15. a3 Na6 16. Nd2 Nd7 17. Rb1 Bg5 18. Bf2 f5 19. b4 Nf6 20. Re1 axb4 21. axb4 h4 22. Nf1 e4 23. c5 dxc5 24. b5 Nxd5 25. Bc4 Nac7 26. b6 Kh8 27. bxc7 Nxc7 28. Qe2 Re8 29. fxe4 Rxe4 30. Qh5+ Bh6 31. Rxe4 fxe4 32. Qxc5 Qf6 33. Rb6 Qf4 34. Be3 Qxe3 35. Nxe3 Bxe3 36. Qxe3 Ra1+ 37. Qg1 Rxg1+ 38. Kxg1 e3 1-0

[Event "33.Schlosspark-Open"]
[Site "Wiesbaden-Biebrich"]
[Date "2024.08.25"]
[Round "7.37"]
[White "Gundlach, Michael"]
[Black "Michalski, Uwe"]
[Result "1-0"]
[WhiteElo "2100"]
[BlackElo "1826"]
[PlyCount "71"]
[EventDate "2024.08.22"]
[WhiteTeam "Sfr.Mainz 1928"]
[BlackTeam "Sfr.Mainz 1928"]

1. c4 e5 2. g3 Nf6 3. Bg2 Bc5 4. Nc3 a5 5. e3 Nc6 6. Nge2 d6 7. O-O O-O 8. d4 Ba7 9. b3 Re8 10. dxe5 Nxe5 11. Bb2 Neg4 12. Nd4 Nxh2 13. Kxh2 Ng4+ 14. Kg1 Qg5 15. Nd5 Qh6 16. Re1 Bb8 17. Nf3 Ra6 18. e4 c6 19. Ne3 Bc7 20. Nxg4 Bxg4 21. Qd3 Qh5 22. Nh4 Be6 23. Nf5 Bxf5 24. exf5 Raa8 25. Bc3 Red8 26. Re7 Rac8 27. Rae1 Qg5 28. Qe3 Qxe3 29. R7xe3 h6 30. Rd3 b5 31. cxb5 cxb5 32. Bb7 Rb8 33. Bd5 Rd7 34. Rde3 Kf8 35. Bd4 b4 36. Ba7 1-0

[Event "33.Schlosspark-Open"]
[Site "Wiesbaden-Biebrich"]
[Date "2024.08.25"]
[Round "7.38"]
[White "Heindrich, Mark"]
[Black "Feick, Claas Marten"]
[Result "1-0"]
[WhiteElo "2058"]
[BlackElo "1811"]
[PlyCount "73"]
[EventDate "2024.08.22"]
[WhiteTeam "SAbt TuS Dotzheim"]
[BlackTeam "SF Neuberg"]

1. e4 c6 2. Nf3 d5 3. Nc3 dxe4 4. Nxe4 Nf6 5. Nxf6+ exf6 6. d4 Bd6 7. Bd3 g6 8. Be3 O-O 9. Qd2 Re8 10. O-O-O a5 11. Rdg1 Be6 12. Kb1 Bf8 13. h4 h5 14. c4 Na6 15. a3 b5 16. Qc2 bxc4 17. Bxc4 Bf5 18. Bd3 Bxd3 19. Qxd3 Nc5 20. Qc2 Ne4 21. g4 Rb8 22. Ka1 hxg4 23. Rxg4 f5 24. Rgg1 Bd6 25. h5 Ng3 26. hxg6 Rxe3 27. gxf7+ Kxf7 28. fxe3 Nxh1 29. Qxf5+ Qf6 30. Qh7+ Ke8 31. Rg8+ Bf8 32. Qxh1 Qf7 33. Qg2 Qb3 34. Qg6+ Ke7 35. Qe4+ Kf7 36. Ng5+ Kf6 37. Rg6# 1-0

[Event "33.Schlosspark-Open"]
[Site "Wiesbaden-Biebrich"]
[Date "2024.08.25"]
[Round "7.39"]
[White "van Bömmel, Philipp"]
[Black "Henrich, David"]
[Result "1/2-1/2"]
[WhiteElo "1800"]
[BlackElo "2035"]
[PlyCount "50"]
[EventDate "2024.08.22"]
[WhiteTeam "SC 1979 Hattersheim"]
[BlackTeam "SK 1980 Gernsheim"]

1. Nf3 Nf6 2. g3 g6 3. Bg2 Bg7 4. d3 O-O 5. O-O c5 6. e4 d6 7. c4 Nc6 8. Nc3 a6 9. a3 Rb8 10. Rb1 b5 11. cxb5 axb5 12. b4 cxb4 13. axb4 e5 14. Ne1 Bd7 15. Nc2 Qc8 16. Bd2 Bh3 17. Ne3 Bxg2 18. Kxg2 Qd7 19. Ned5 Nxd5 20. Nxd5 Ne7 21. Qb3 Nxd5 22. Qxd5 Rbc8 23. Rbc1 Bh8 24. Rxc8 Rxc8 25. Rc1 Rxc1 1/2-1/2

[Event "33.Schlosspark-Open"]
[Site "Wiesbaden-Biebrich"]
[Date "2024.08.25"]
[Round "7.40"]
[White "Dauster, Ronald"]
[Black "Gärtner, Johannes"]
[Result "1-0"]
[WhiteElo "1950"]
[BlackElo "1798"]
[PlyCount "71"]
[EventDate "2024.08.22"]
[WhiteTeam "FT Schierstein"]
[BlackTeam "Sfr.Mainz 1928"]

1. c4 e5 2. Nc3 Nf6 3. Nf3 Nc6 4. e3 Bb4 5. Qc2 O-O 6. a3 Bxc3 7. Qxc3 e4 8. Nd4 Nxd4 9. Qxd4 d5 10. cxd5 Qxd5 11. Qxd5 Nxd5 12. d3 Bf5 13. dxe4 Bxe4 14. f3 Bc2 15. e4 Nb6 16. Bf4 c6 17. Rc1 Bb3 18. Rc3 Be6 19. b3 Rfd8 20. Be2 Rac8 21. Be3 f6 22. a4 Ra8 23. Kf2 Kf7 24. f4 g6 25. g4 Ke8 26. h4 Rd7 27. h5 Rad8 28. hxg6 hxg6 29. f5 gxf5 30. gxf5 Bg8 31. Rh8 Kf7 32. Bxb6 axb6 33. Bc4+ Kg7 34. Rxg8+ Rxg8 35. Rg3+ Kh7 36. Bxg8+ 1-0

[Event "33.Schlosspark-Open"]
[Site "Wiesbaden-Biebrich"]
[Date "2024.08.25"]
[Round "7.41"]
[White "Schmitt, Carsten"]
[Black "Donecker, Stefan"]
[Result "1/2-1/2"]
[WhiteElo "1926"]
[BlackElo "1770"]
[PlyCount "25"]
[EventDate "2024.08.22"]
[WhiteTeam "SV Bergwinkel"]
[BlackTeam "SAbt TuS Dotzheim"]

1. c4 e5 2. g3 Nc6 3. Bg2 g6 4. Nc3 Bg7 5. d3 d6 6. Rb1 Be6 7. b4 Qd7 8. Nd5 Nd8 9. e4 c6 10. Ne3 Ne7 11. Ne2 f5 12. f4 Nf7 13. O-O 1/2-1/2

[Event "33.Schlosspark-Open"]
[Site "Wiesbaden-Biebrich"]
[Date "2024.08.25"]
[Round "7.42"]
[White "Kupke, Jonas"]
[Black "Brechlin, Olaf"]
[Result "1-0"]
[WhiteElo "1770"]
[BlackElo "1917"]
[PlyCount "21"]
[EventDate "2024.08.22"]
[WhiteTeam "Wiesbadener SV 1885"]
[BlackTeam "FVS ASP Hoyerswerda"]

1. e4 Nc6 2. Nf3 d5 3. exd5 Qxd5 4. Nc3 Qa5 5. Bb5 Bd7 6. d4 a6 7. Bc4 Qh5 8. O-O Bg4 9. Be2 e6 10. h3 Bxh3 11. Ng5 1-0

[Event "33.Schlosspark-Open"]
[Site "Wiesbaden-Biebrich"]
[Date "2024.08.25"]
[Round "7.43"]
[White "Denninger, David"]
[Black "Stehning, Toni"]
[Result "1/2-1/2"]
[WhiteElo "1787"]
[BlackElo "1857"]
[PlyCount "41"]
[EventDate "2024.08.22"]
[WhiteTeam "SC JÄKLECHEMIE Talente Franken e"]
[BlackTeam "SF Braunfels"]

1. d4 d5 2. Bf4 c5 3. c3 Nf6 4. Nd2 Nc6 5. Ngf3 Bf5 6. h3 e6 7. e3 Be7 8. Nh4 Bg6 9. Nxg6 hxg6 10. Bd3 Rc8 11. Nf3 c4 12. Bc2 Bd6 13. Ne5 Bxe5 14. Bxe5 Nxe5 15. dxe5 Nd7 16. Qd4 a6 17. O-O-O Qg5 18. f4 Qxg2 19. Rhg1 Qe2 20. Rge1 Qf2 21. Rf1 1/2-1/2

[Event "33.Schlosspark-Open"]
[Site "Wiesbaden-Biebrich"]
[Date "2024.08.25"]
[Round "7.44"]
[White "Froitzheim, Ralf"]
[Black "Steigleder, Maximilian"]
[Result "1/2-1/2"]
[WhiteElo "1891"]
[BlackElo "1784"]
[PlyCount "80"]
[EventDate "2024.08.22"]
[WhiteTeam "SG Niederkassel"]
[BlackTeam "Sfr.1932 Kelkheim"]

1. c4 e5 2. Nc3 Nf6 3. g3 Bb4 4. Bg2 O-O 5. Qb3 Nc6 6. Nd5 Nxd5 7. cxd5 Nd4 8. Qd1 d6 9. e3 Re8 10. a3 Bc5 11. d3 Nf5 12. Nf3 h5 13. e4 Nd4 14. h3 Qf6 15. Nxd4 Bxd4 16. O-O Qg6 17. Kh2 f5 18. Qe2 Rf8 19. f4 Bd7 20. Be3 Bxe3 21. Qxe3 c5 22. fxe5 dxe5 23. Rae1 b6 24. exf5 Bxf5 25. Be4 Bxe4 26. dxe4 Rxf1 27. Rxf1 Rf8 28. Rxf8+ Kxf8 29. Qf3+ Qf7 30. Kg2 Qxf3+ 31. Kxf3 g5 32. Ke3 a6 33. Kd3 b5 34. Kc3 Ke7 35. b3 Kd6 36. Kd3 Ke7 37. Kc2 Kd6 38. Kc3 Ke7 39. Kd3 Kd6 40. Kc3 Ke7 1/2-1/2

[Event "33.Schlosspark-Open"]
[Site "Wiesbaden-Biebrich"]
[Date "2024.08.25"]
[Round "7.45"]
[White "Reink, Geerhard"]
[Black "Wunschik, Joachim"]
[Result "1/2-1/2"]
[WhiteElo "1762"]
[BlackElo "1879"]
[PlyCount "79"]
[EventDate "2024.08.22"]
[WhiteTeam "Fischer Z"]
[BlackTeam "SV Rüsselsheim 1929"]

1. Nf3 Nf6 2. g3 b6 3. Bg2 Bb7 4. d3 d6 5. O-O Nbd7 6. c4 g6 7. b4 Bg7 8. Bb2 a5 9. a3 O-O 10. Nbd2 axb4 11. axb4 Rxa1 12. Qxa1 Qa8 13. Bc3 Qxa1 14. Rxa1 Ra8 15. Rxa8+ Bxa8 16. e4 e5 17. Nf1 h5 18. Bd2 Nf8 19. h3 Bc6 20. b5 Bb7 21. Be3 Ne6 22. N1d2 Nd7 23. Kf1 Ndc5 24. Ne1 g5 25. Ndf3 Bf6 26. Ke2 Kg7 27. Nc2 Kg6 28. Nb4 Bd8 29. Kd2 f6 30. Kc2 Kf7 31. Nd2 f5 32. Nd5 f4 33. Bxc5 dxc5 34. Bf3 Kg6 35. Bd1 Nd4+ 36. Kc3 Bxd5 37. cxd5 Be7 38. Kc4 Bd6 39. g4 h4 40. Nf3 1/2-1/2

[Event "33.Schlosspark-Open"]
[Site "Wiesbaden-Biebrich"]
[Date "2024.08.25"]
[Round "7.46"]
[White "Joshi, Kanad"]
[Black "Schellen, Sven"]
[Result "0-1"]
[WhiteElo "1672"]
[BlackElo "1873"]
[PlyCount "100"]
[EventDate "2024.08.22"]
[WhiteTeam "SV Oberursel"]
[BlackTeam "SV Frankfurt Nord 1926"]

1. e4 c6 2. d3 d5 3. Nd2 e5 4. Ngf3 Bd6 5. d4 Bg4 6. h3 Bxf3 7. Qxf3 exd4 8. exd5 c5 9. Bb5+ Nd7 10. Ne4 Be7 11. Bd2 a6 12. Bxd7+ Qxd7 13. c4 dxc3 14. Nxc3 Nf6 15. O-O-O O-O 16. g4 Rfd8 17. Bf4 Bd6 18. Rhe1 b5 19. Bxd6 Qxd6 20. Ne4 Nxe4 21. Qxe4 Rac8 22. Qe7 Qxe7 23. Rxe7 Kf8 24. Re5 Rd6 25. Re2 Rcd8 26. Red2 Re8 27. Kc2 Re4 28. Rd3 h5 29. f3 Re5 30. a4 Ke7 31. axb5 axb5 32. R1d2 Ra6 33. d6+ Kd7 34. Rd5 Rxd5 35. Rxd5 hxg4 36. fxg4 Rc6 37. Kd3 Rxd6 38. Ke4 Kc6 39. Rxd6+ Kxd6 40. h4 Ke6 41. h5 Kf6 42. Kd5 c4 43. Kc5 Kg5 44. Kxb5 Kxg4 45. Kxc4 f5 46. b4 f4 47. Kd4 f3 48. Ke3 Kg3 49. b5 f2 50. Ke2 Kg2 0-1

[Event "33.Schlosspark-Open"]
[Site "Wiesbaden-Biebrich"]
[Date "2024.08.25"]
[Round "7.47"]
[White "Schmitt, Clemens"]
[Black "Börsch, Dieter"]
[Result "1/2-1/2"]
[WhiteElo "1868"]
[BlackElo "1760"]
[PlyCount "26"]
[EventDate "2024.08.22"]
[WhiteTeam "SV Bergwinkel"]
[BlackTeam "SK Bad Homburg 1927"]

1. c4 e5 2. Nc3 Nf6 3. Nf3 Nc6 4. e3 Be7 5. d4 exd4 6. exd4 d5 7. cxd5 Nxd5 8. Qb3 Nxc3 9. bxc3 O-O 10. Be2 Bf6 11. O-O b6 12. Ba3 Be6 13. Qc2 Re8 1/2-1/2

[Event "33.Schlosspark-Open"]
[Site "Wiesbaden-Biebrich"]
[Date "2024.08.25"]
[Round "7.48"]
[White "Will, Elina"]
[Black "Hipler, Andreas"]
[Result "0-1"]
[WhiteElo "1596"]
[BlackElo "1862"]
[PlyCount "56"]
[EventDate "2024.08.22"]
[WhiteTeam "TuS Makkabi Wiesbaden"]
[BlackTeam "SK Gau-Algesheim"]

1. d4 Nf6 2. Bf4 e6 3. Nf3 d5 4. e3 Bd6 5. Bg3 O-O 6. c4 c5 7. Nc3 cxd4 8. Qxd4 Nc6 9. Qd2 Bb4 10. Bh4 Ne4 11. Bxd8 Nxd2 12. Nxd2 Rxd8 13. Rc1 dxc4 14. Bxc4 Ne5 15. a3 Rxd2 16. Kxd2 Nxc4+ 17. Kc2 Ba5 18. Kb3 Ne5 19. Nb5 Bd7 20. Nd6 Bc6 21. f3 Rd8 22. Ne4 Rd3+ 23. Kc2 Rxe3 24. b4 Bb6 25. Nc3 Bd4 26. Kb2 Nd3+ 27. Kb3 Nxc1+ 28. Rxc1 Bd5+ 0-1

[Event "33.Schlosspark-Open"]
[Site "Wiesbaden-Biebrich"]
[Date "2024.08.25"]
[Round "7.49"]
[White "De Kruif, Kees"]
[Black "Spiegel, Nina"]
[Result "1-0"]
[WhiteElo "1859"]
[BlackElo "1685"]
[PlyCount "131"]
[EventDate "2024.08.22"]
[WhiteTeam "Fischer Z"]
[BlackTeam "Sfr Stiller Zug Wiesbaden"]

1. b4 e5 2. Bb2 d6 3. e3 Nf6 4. c4 Nbd7 5. Be2 Be7 6. d3 O-O 7. Nd2 c6 8. Ngf3 Re8 9. O-O Bf8 10. Qb3 b6 11. a3 Bb7 12. Rfd1 Rc8 13. Rac1 Rc7 14. h3 Qe7 15. Nf1 Rec8 16. Ng3 g6 17. Rd2 Bg7 18. Qd1 h5 19. Rdc2 Nf8 20. c5 N8d7 21. Ne4 dxc5 22. bxc5 bxc5 23. Nxc5 Nxc5 24. Rxc5 Nd7 25. R5c2 c5 26. Nd2 Nf8 27. Bf3 Ba6 28. Nc4 Nh7 29. g3 Ng5 30. Bg2 Bb5 31. Rd2 Bc6 32. h4 Nh7 33. Bxc6 Rxc6 34. Qf3 g5 35. Qxh5 Rh6 36. Qg4 Rcc6 37. h5 Nf6 38. Qf3 e4 39. Bxf6 Rhxf6 40. Qxe4 Rce6 41. Qa8+ Kh7 42. g4 Qd7 43. Qg2 Ra6 44. Rb1 Rfc6 45. Qe4+ Kh6 46. f3 Rc7 47. Rb8 Re6 48. Qa8 Kh7 49. Rd8 Qe7 50. Qd5 Rxe3 51. Nxe3 Qxe3+ 52. Rf2 Bd4 53. Qe4+ Qxe4 54. fxe4 Bxf2+ 55. Kxf2 c4 56. Ke2 c3 57. Kd1 Kg7 58. Kc2 f6 59. Rb8 Rc6 60. Rb3 Kh6 61. Rxc3 Rb6 62. d4 a6 63. d5 Rb8 64. Rc6 Kg7 65. Rc7+ Kh6 66. d6 1-0

[Event "33.Schlosspark-Open"]
[Site "Wiesbaden-Biebrich"]
[Date "2024.08.25"]
[Round "7.50"]
[White "Shanawaz Thabrez, Shahzaib"]
[Black "Gärtner, David"]
[Result "1-0"]
[WhiteElo "1857"]
[BlackElo "1661"]
[PlyCount "55"]
[EventDate "2024.08.22"]
[WhiteTeam "SK Langen"]
[BlackTeam "Sfr.Mainz 1928"]

1. e4 c5 2. Nf3 d6 3. d4 cxd4 4. Nxd4 Nf6 5. Nc3 g6 6. Be3 Bg7 7. f3 a6 8. Qd2 h5 9. O-O-O b5 10. Nb3 Nbd7 11. Nd5 Bb7 12. Na5 Bxd5 13. exd5 Nb6 14. Nc6 Qc7 15. Bxb6 Qxb6 16. Kb1 Nd7 17. c4 bxc4 18. Bxc4 Ne5 19. Bb3 Nxc6 20. dxc6 O-O 21. g4 hxg4 22. Rhg1 a5 23. Rxg4 Rfb8 24. Rxg6 Qxb3 25. Rxg7+ Kxg7 26. axb3 Rxb3 27. Qg5+ Kf8 28. Rg1 1-0

[Event "33.Schlosspark-Open"]
[Site "Wiesbaden-Biebrich"]
[Date "2024.08.25"]
[Round "7.53"]
[White "Fang, Borui"]
[Black "Hauptmann, Thomas"]
[Result "1/2-1/2"]
[WhiteElo "1720"]
[BlackElo "1984"]
[PlyCount "83"]
[EventDate "2024.08.22"]
[WhiteTeam "SV Oberursel"]
[BlackTeam "Fischer Z"]

1. e4 d5 2. exd5 Qxd5 3. Nc3 Qd8 4. Nf3 Nf6 5. d4 Bg4 6. Be2 e6 7. h3 Bxf3 8. Bxf3 c6 9. O-O Be7 10. Re1 O-O 11. Ne2 Qc7 12. c3 c5 13. Qb3 Nc6 14. Bf4 Qb6 15. Qxb6 axb6 16. a3 Rac8 17. Rad1 Rfd8 18. dxc5 bxc5 19. Rxd8+ Bxd8 20. Rd1 Be7 21. Ng3 h6 22. Kf1 Kf8 23. Bd6 Bxd6 24. Rxd6 Ke7 25. Rd2 Rc7 26. Ke1 Ne5 27. Be2 Nd5 28. c4 Nf4 29. Bf1 f5 30. Kd1 b6 31. b3 Ra7 32. a4 Nc6 33. Kc2 Nd4+ 34. Kc3 Nc6 35. Ne2 Nxe2+ 36. Bxe2 Rd7 37. Rxd7+ Kxd7 38. f4 Kd6 39. Bf3 Nb4 40. g4 e5 41. fxe5+ Kxe5 42. gxf5 1/2-1/2

[Event "33.Schlosspark-Open"]
[Site "Wiesbaden-Biebrich"]
[Date "2024.08.25"]
[Round "7.54"]
[White "Schubert, Wolfgang"]
[Black "John, Volkmar"]
[Result "1/2-1/2"]
[WhiteElo "1894"]
[BlackElo "1756"]
[PlyCount "51"]
[EventDate "2024.08.22"]
[WhiteTeam "Hannover"]
[BlackTeam "SK Herborn 1946"]

1. e4 c6 2. d4 d5 3. Nd2 dxe4 4. Nxe4 Nf6 5. Nxf6+ exf6 6. c3 Bd6 7. Nf3 Bf5 8. Bd3 Bxd3 9. Qxd3 Na6 10. O-O O-O 11. Be3 Qd7 12. Rad1 Rad8 13. Rfe1 Rfe8 14. Qc2 Qc7 15. b4 Nb8 16. a3 Nd7 17. h3 Nb6 18. c4 Bf4 19. Bc1 Bxc1 20. Qxc1 Re6 21. Qc3 Rde8 22. Kf1 Qf4 23. g3 Qf5 24. Kg2 Rxe1 25. Rxe1 Rxe1 26. Qxe1 1/2-1/2

[Event "33.Schlosspark-Open"]
[Site "Wiesbaden-Biebrich"]
[Date "2024.08.25"]
[Round "7.55"]
[White "Kolker, Vladislav"]
[Black "Bartsch, Marius"]
[Result "1-0"]
[WhiteElo "1886"]
[BlackElo "1750"]
[PlyCount "55"]
[EventDate "2024.08.22"]
[WhiteTeam "SC Bad Nauheim"]
[BlackTeam "Wiesbadener SV 1885"]

1. e4 d6 2. d4 Nf6 3. Nc3 g6 4. Bg5 c6 5. Qd2 b5 6. a3 Nbd7 7. f4 Nb6 8. Bxf6 exf6 9. d5 c5 10. Bxb5+ Bd7 11. Bxd7+ Qxd7 12. Nf3 Bg7 13. O-O O-O 14. b3 Rfd8 15. Rad1 Rac8 16. Rfe1 a6 17. h3 Qa7 18. Kh2 Rc7 19. a4 Bf8 20. Nb1 Nd7 21. Na3 Rb8 22. Nc4 Be7 23. e5 fxe5 24. fxe5 Kf8 25. Nxd6 c4 26. Nxc4 Kg8 27. Qf4 Nc5 28. Nd4 1-0

[Event "33.Schlosspark-Open"]
[Site "Wiesbaden-Biebrich"]
[Date "2024.08.25"]
[Round "7.56"]
[White "Meding, Olaf"]
[Black "Kappeler, Georg"]
[Result "0-1"]
[WhiteElo "1856"]
[BlackElo "1737"]
[PlyCount "96"]
[EventDate "2024.08.22"]
[WhiteTeam "Sfr.Mainz 1928"]
[BlackTeam "SK Marburg 1931/72"]

1. d4 Nf6 2. Nc3 g6 3. Bf4 Bg7 4. e4 d6 5. h4 h5 6. f3 Nc6 7. a3 Bd7 8. Bc4 e5 9. dxe5 Nxe5 10. Bb3 Qe7 11. Bg5 Be6 12. Bxe6 Qxe6 13. Nge2 Qd7 14. Nd4 a6 15. Qe2 O-O 16. O-O c5 17. Nb3 Nh7 18. Be3 Nf6 19. Rad1 Qc7 20. Nd2 b5 21. Ncb1 d5 22. exd5 Nxd5 23. Bf2 Rfe8 24. Rfe1 Qc6 25. Qf1 Re7 26. c4 bxc4 27. Nxc4 Rae8 28. Nxe5 Rxe5 29. Rxe5 Rxe5 30. Qc4 Ne3 31. Rd8+ Bf8 32. Qf4 Qe6 33. Nd2 Nf5 34. Ne4 Qe7 35. Rd1 Bh6 36. Ng5 Kg7 37. g4 hxg4 38. fxg4 Nxh4 39. Bxh4 Bxg5 40. Bxg5 Qxg5 41. Rf1 Qxf4 42. Rxf4 Re2 43. Rf2 Rxf2 44. Kxf2 Kf6 45. Ke3 Ke5 46. a4 a5 47. b3 f5 48. gxf5 gxf5 0-1

[Event "33.Schlosspark-Open"]
[Site "Wiesbaden-Biebrich"]
[Date "2024.08.25"]
[Round "7.58"]
[White "Strache, Rolf"]
[Black "Bratmann, Marc"]
[Result "0-1"]
[WhiteElo "1714"]
[BlackElo "1853"]
[PlyCount "78"]
[EventDate "2024.08.22"]
[WhiteTeam "SK Herborn 1946"]
[BlackTeam "Sfr Stiller Zug Wiesbaden"]

1. d4 Nf6 2. c4 e6 3. Nf3 d5 4. Bg5 Be7 5. e3 O-O 6. Nc3 Nbd7 7. Bd3 h6 8. Bh4 dxc4 9. Bxc4 a6 10. a3 c5 11. O-O b5 12. Bd3 Bb7 13. Rc1 Rc8 14. Bb1 Re8 15. Re1 Nd5 16. Bxe7 Nxe7 17. Ne4 Bxe4 18. Bxe4 Qb6 19. Qd2 c4 20. h3 Red8 21. Qe2 a5 22. Red1 Nd5 23. Bxd5 exd5 24. Nd2 Re8 25. Nb1 b4 26. Qg4 Nf6 27. Qe2 Qd6 28. Qe1 Ne4 29. Rc2 f5 30. axb4 axb4 31. Nd2 Ra8 32. Nxe4 fxe4 33. Ra1 Qb6 34. Rcc1 b3 35. Kf1 Ra2 36. Qc3 Rea8 37. Rxa2 bxa2 38. Ra1 Qb3 39. Qc1 Rb8 0-1